| 000 | 00526nam a22002057a 4500 | ||
|---|---|---|---|
| 999 |
_c6257 _d6257 |
||
| 003 | OSt | ||
| 005 | 20190827165219.0 | ||
| 008 | 190827b ||||| |||| 00| 0 eng d | ||
| 020 | _a 978-0873718837 | ||
| 020 | _a087718836 | ||
| 040 | _cDDC | ||
| 082 | _a631.4 SOI 1999 | ||
| 100 | _4Edited by Donald L. Sparks | ||
| 245 | _aSoil Physical Chemistry | ||
| 250 | _a2nd ed. | ||
| 300 |
_a409p; _bcol.ill: _c26cm |
||
| 504 | _aReferences, & index included | ||
| 650 |
_aSoil physical chemistry _912868 |
||
| 942 |
_2ddc _cB_BANK |
||